Statistics for Anime OP quiz

Click here to take the quiz!

General Stats

  • This quiz has been taken 473 times
  • The average score is 3 of 26

Answer Stats

HintAnswer% Correct
Moonlight DensetsuBishoujo Senshi Sailor Moon
54%
Pre-ParadeToradora!
40%
MelissaFullmetal Alchemist
36%
Cagayake!GIRLSK-On!
28%
Change the WorldInuyasha
27%
Let Me Be With YouChobits
19%
Catch You Catch MeCard Captor Sakura
18%
Butter-FlyDigimon Adventure
16%
Just CommunicationMobile Suit Gundam Wing
6%
VoiceYu-Gi-Oh!
4%
Target ~akai shougeki~Digimon Adventure 02
3%
Yuzurenai NegaiMagic Knight Rayearth
3%
Rinbu-revolutionRevolutionary Girl Utena
3%
OPEN YOUR MIND ~Chiisana Hane Hirogete~Ah! My Goddess
2%
Be My AngelAngelic Layer
2%
Obsession.hack//SIGN
2%
innocent starterMagical Girl Lyrical Nanoha
2%
Kaze ga Soyogu BashoMonster Rancher
2%
Get AlongSlayers
2%
Princess wa AkiramenaiFushigiboshi no Futagohime
1%
The WinnerMobile Suit Gundam 0083: Stardust Memory
1%
Kiseki no UmiRecord of Lodoss War
1%
I'm A PioneerTenchi Muyo!
1%
No Need for PromisesThe Vision of Escaflowne
1%
Doki Doki! My Sister SoulChocotto Sister
0%
Itsuka sora ni todoiteMobile Suit Gundam 0080: War in the Pocket
0%

Score Distribution

Percentile by Number Answered

Percent of People with Each Score

Your Score History

You have not taken this quiz